The economics of low carbon cities (Record no. 113099)

MARC details
000 -LEADER
fixed length control field 01041cad a22002055a 4500
001 - CONTROL NUMBER
control field L154674
008 - FIXED-LENGTH DATA ELEMENTS--GENERAL INFORMATION
fixed length control field 120112s2012 xxk f 000 0 eng d
035 ## - SYSTEM CONTROL NUMBER
System control number (Sirsi) u154674
041 0# - LANGUAGE CODE
Language code of text/sound track or separate title eng
110 2# - MAIN ENTRY--CORPORATE NAME
Corporate name or jurisdiction name as entry element Centre for Low Carbon Futures
9 (RLIN) 6009
245 04 - TITLE STATEMENT
Title The economics of low carbon cities
Remainder of title a mini-Stern review for the Leeds City region
Medium [electronic resource]
260 ## - PUBLICATION, DISTRIBUTION, ETC.
Place of publication, distribution, etc. CLCF
Date of publication, distribution, etc. 2012
520 ## - SUMMARY, ETC.
Summary, etc. UK cities could cut their energy bills by millions by exploiting commercially attractive opportunities in energy and carbon management. These investments would pay for themselves in just four years and could be made by households, public and commercial buildings, industry and transport. Gives an example of these range of low carbon options with reference to the Leeds City Region.
590 ## - LOCAL NOTE (RLIN)
Local note KA NTK
651 #4 - SUBJECT ADDED ENTRY--GEOGRAPHIC NAME
Geographic name Leeds
690 ## - LOCAL SUBJECT ADDED ENTRY--TOPICAL TERM (OCLC, RLIN)
Topical term or geographic name as entry element Energy
9 (RLIN) 6237
690 ## - LOCAL SUBJECT ADDED ENTRY--TOPICAL TERM (OCLC, RLIN)
Topical term or geographic name as entry element Environment
9 (RLIN) 6238
856 40 - ELECTRONIC LOCATION AND ACCESS
Uniform Resource Identifier <a href="https://www.lowcarbonfutures.org/">https://www.lowcarbonfutures.org/</a>
Public note View the report free of charge at www.lowcarbonfutures.org (Registration required)
942 ## - ADDED ENTRY ELEMENTS (KOHA)
Suppress in OPAC 0
Holdings
Withdrawn status Lost status Source of classification or shelving scheme Damaged status Not for loan Home library Current library Shelving location Date acquired Total Checkouts Full call number Barcode Date last seen Copy number Price effective from Koha item type
    Dewey Decimal Classification     Virtual Virtual Online 12/01/2012   L154674 154674-2001 06/08/2019 1 06/08/2019 Book